Grit that defied odds : (Record no. 516616)
[ view plain ]
| 000 -LEADER | |
|---|---|
| fixed length control field | 00245nam a22000857a 4500 |
| 100 ## - MAIN ENTRY--PERSONAL NAME | |
| Personal name | Pande A. K. |
| 9 (RLIN) | 23155 |
| 245 ## - TITLE STATEMENT | |
| Title | Grit that defied odds : |
| Remainder of title | Reflections of a revenue officer |
| Statement of responsibility, etc | by A. K. Pande |
| 260 ## - PUBLICATION, DISTRIBUTION, ETC. (IMPRINT) | |
| Place of publication, distribution, etc | Delhi |
| Name of publisher, distributor, etc | Konark Pub. |
| Date of publication, distribution, etc | 2008 |
| 300 ## - PHYSICAL DESCRIPTION | |
| Extent | 197p. |
No items available.
